|
|
|
|
| LEADER |
00000naa0a2200000 4500 |
| 001 |
594097 |
| 005 |
20250131125135.0 |
| 035 |
|
|
|a (RuTPU)RU\TPU\tpu\8243
|
| 090 |
|
|
|a 594097
|
| 100 |
|
|
|a 20020313d1989 k y0rusy50 ca
|
| 101 |
0 |
|
|a rus
|
| 102 |
|
|
|a RU
|
| 200 |
1 |
|
|a Влияние ЭМИ мм-диапазона на течение ожоговой анемии
|f Г. Е. Соколович [и др.]
|
| 463 |
|
|
|t Тезисы докладов седьмого Всесоюзного семинара "Применение КВЧ-излучения низкой интенсивности в биологии медицине" (Звенигород, 13-15 ноября 1989 г.)
|v С. 19
|d 1989
|
| 610 |
1 |
|
|a труды учёных ТПУ
|
| 701 |
|
1 |
|a Соколович
|b Г. Е.
|c Военный госпиталь
|3 (RuTPU)RU\TPU\pers\1966
|
| 701 |
|
1 |
|a Бычков
|b А. В.
|c Военный госпиталь
|3 (RuTPU)RU\TPU\pers\1967
|
| 701 |
|
1 |
|a Гуревич
|b М. Е.
|c доцент, кандидат медицинских наук
|c ЭФФ, ПМЭ
|f 1959-
|g Михаил Ефимович
|3 (RuTPU)RU\TPU\pers\1968
|
| 701 |
|
1 |
|a Ржевская
|b З. И.
|c старший инженер
|c НИИЯФ
|f 1938-
|g Зоя Ивановна
|3 (RuTPU)RU\TPU\pers\1969
|
| 701 |
|
1 |
|a Афонина
|b Л. Н.
|c старший техник
|c НИИЯФ
|f 1961-
|g Людмила Николаевна
|3 (RuTPU)RU\TPU\pers\1970
|
| 701 |
|
1 |
|a Ча
|b В. А.
|c кандидат технических наук
|c НИИЯФ
|f 1948-
|g Владимир Александрович
|3 (RuTPU)RU\TPU\pers\1971
|
| 701 |
|
1 |
|a Перельмутер
|b В. М.
|c кандидат медицинских наук
|c ТМИ
|f 1946-
|g Владимир Михайлович
|3 (RuTPU)RU\TPU\pers\1972
|
| 701 |
|
1 |
|a Диденко
|b Н. П.
|c доктор физико-математических наук
|f 1936-
|g Нина Павловна
|3 (RuTPU)RU\TPU\pers\1965
|
| 801 |
|
1 |
|a RU
|b 63413507
|c 20020313
|g PSBO
|
| 801 |
|
2 |
|a RU
|b 63413507
|c 20220112
|g PSBO
|
| 942 |
|
|
|c BK
|